000 00288nam a22001337a 4500
008 181102b xxu||||| |||| 00| 0 eng d
020 _a9780534164706
041 _aeng
080 _24 TH
_a610
100 _a4
101 _ashm
245 _aAppied Ethics
_cOlen.J
942 _2udc
_cBK
999 _c51647
_d51647